000
00292nam a22001337a 4500
008
170817b xxu||||| |||| 00| 0 eng d
020
_a
0471032948
041
_a
eng
080
_2
3RD
_a
51
100
_a
36
101
_a
MAT
245
_a
DIFFERENTIAL EQUATIONS
_c
ROSS,SH.L
942
_2
udc
_c
BK
999
_c
23913
_d
23913